Tenth year mathematics / (Record no. 179811)
[ view plain ]
| 000 -LEADER | |
|---|---|
| fixed length control field | 00892 a2200181 4500 |
| 003 - CONTROL NUMBER IDENTIFIER | |
| control field | NUST |
| 005 - DATE AND TIME OF LATEST TRANSACTION | |
| control field | 20230705092827.0 |
| 010 ## - LIBRARY OF CONGRESS CONTROL NUMBER | |
| LC control number | 82020678 |
| 020 ## - INTERNATIONAL STANDARD BOOK NUMBER | |
| International Standard Book Number | 0668057025 |
| 040 ## - CATALOGING SOURCE | |
| Transcribing agency | Nust |
| 082 ## - DEWEY DECIMAL CLASSIFICATION NUMBER | |
| Classification number | 510,BLA |
| 245 ## - TITLE STATEMENT | |
| Title | Tenth year mathematics / |
| Statement of responsibility, etc. | contributing editors, Linda Berman, Thomas G. Edwards, Gerald Shpur. |
| 260 ## - PUBLICATION, DISTRIBUTION, ETC. | |
| Place of publication, distribution, etc. | New York : |
| Name of publisher, distributor, etc. | Arco Pub., |
| Date of publication, distribution, etc. | c1983. |
| 300 ## - PHYSICAL DESCRIPTION | |
| Extent | 278 p. ; |
| Dimensions | 20 cm. |
| 440 ## - SERIES STATEMENT/ADDED ENTRY--TITLE | |
| Title | Arco regents review series |
| 9 (RLIN) | 101683 |
| 505 ## - FORMATTED CONTENTS NOTE | |
| Formatted contents note | Introduction (Page-10, Pretest (Page-5), Triangles (Page-29), Parallelism and Perpendicularity (Page-47), Angles (Page-63), Locus (Page-75), Circles and Angle Measurement (Page-84), Similarity (Page-117), Inequality (Page-139), Area (Page-147), Regular Polygons and Measurement of the Circle (Page-158), Fundamental Contractions (Page-166), Formulas (Page-172), Miscellaneous Topics (Page-198). |
| 942 ## - ADDED ENTRY ELEMENTS (KOHA) | |
| Source of classification or shelving scheme | |
| Koha item type | Book |
| Call number prefix | 510,BLA |
| Withdrawn status | Lost status | Source of classification or shelving scheme | Damaged status | Not for loan | Collection code | Permanent Location | Current Location | Date acquired | Total Checkouts | Full call number | Barcode | Date last seen | Price effective from | Koha item type | Shelving location | Public note |
|---|---|---|---|---|---|---|---|---|---|---|---|---|---|---|---|---|
| Military College of Signals (MCS) | Military College of Signals (MCS) | 12/12/2016 | 510 BEA | MCS7186 | 12/08/2016 | 12/12/2016 | Book | |||||||||
| Military College of Signals (MCS) | Military College of Signals (MCS) | 12/12/2016 | 510,BEA | MCS7187 | 12/08/2016 | 12/12/2016 | Book | General Stacks | Almirah No.82, Shelf No.1 |
